000
002580000a22000970004500
100
1
_a
Snyder, Howard A.
245
1
0
_a
Ten major trends facing the world church
300
_a
Vol. 15, Núm 52 (1988), Páginas 5-11
773
0
_t
World Evangelization
942
_c
ANA
999
_c
58082
_d
58082